| 000 | 00581nam a2200193 a 4500 | ||
|---|---|---|---|
| 003 | MX-MxUPN | ||
| 005 | 20240612112611.0 | ||
| 008 | 991125s1910 mx r 000 0 spa d | ||
| 035 | _aUPN01000003226 | ||
| 040 |
_aMX-MxUPN _bspa _cMX-MxUPN |
||
| 041 | 0 | _aspa | |
| 050 | 4 |
_aLB1573 M6 _bE8.3 |
|
| 100 | 1 |
_aEsteva, Adalberto A., _d1863-1914 _930741 |
|
| 245 | 1 | 0 |
_aAntología nacional : _blibro de lectura |
| 260 |
_aMéxico : _bLibrería de la Vda. de Ch. Bouret, _c1910. |
||
| 300 | _a429 páginas | ||
| 650 | 4 |
_aLectura _xEstudio y enseñanza (Elemental) _92805 |
|
| 942 |
_2lcc _cLIBRO |
||
| 999 |
_c3226 _d3226 |
||